Zodpovednosť dodávateľsko-odberateľského reťazca v textilnom priemysle diplomová práca

Saved in:
Bibliographic Details
Main Author: Kováčová, Klaudia
Corporate Author: Obchodná fakulta EU. Katedra medzinárodného obchodu
Other Authors: Škorvagová, Simona
Format: Book
Language:Slovak
Published: Bratislava 2019
Tags: Add Tag
No Tags, Be the first to tag this record!

MARC

LEADER 00000nbm a2200000 4500
001 0257870
005 20191004135212.0
041 0 |a slo 
044 |a SK 
245 1 0 |a Zodpovednosť dodávateľsko-odberateľského reťazca v textilnom priemysle  |b diplomová práca  |c Klaudia Kováčová ; školiteľ: Simona Škorvagová 
264 1 |a Bratislava  |c 2019 
300 |a 76 s. 
100 1 |a Kováčová, Klaudia 
700 1 |a Škorvagová, Simona 
710 2 |a Obchodná fakulta EU. Katedra medzinárodného obchodu